00905nam a2200241 i 4500001000300000100002800003245017500031260004300206300002700249500002600276650002200302655005000324700002100374700001900395700003200414020001800446040000800464041001600472044000800488080002800496008004100524856009800565bg1 aAufderstraße, Hartmut.00aLagune 1 :bćwiczenia : język niemiecki dla szkół ponadgimnazjalnych /cHartmut Aufderstraße, Jutta Müller, Thomas Storz ; oprac. edycji pol. Urszula Krajewska. aIsmaning :bMax Hueber Verlag ;c2006. a248 s. :bil. ;c28 cm aNa okł. : Poziom A1. 9aJęzyk niemiecki aPodręczniki dla szkół ponadgimnazjalnych1 aMüller, Jutta.1 aStorz, Thomas.1 aKrajewska, Urszula.eOprac. a9783192316241 cBPK0 agerpolhger ager a811.112.2(075.3-021.66) s pl f |000 0 pol  uhttp://koha.tu.koszalin.pl/cgi-bin/koha/opac-detail.pl?biblionumber=54325yKatalog online BPK